| 000 | 00425nam a2200157Ia 4500 | ||
|---|---|---|---|
| 008 | 231217s9999 xx 000 0 und d | ||
| 020 | _a8172245270 | ||
| 041 | _aEnglish | ||
| 082 | _a658.1511 CHA;1 R | ||
| 100 | _aChatterjee, B K | ||
| 245 | 0 | _aCost and management accounting : for managers | |
| 260 |
_c1989 _bJaico _aMumbai |
||
| 300 | _axxvii+462 | ||
| 650 | _aCost,management,accounting,:,managers | ||
| 942 | _cAA | ||
| 999 |
_c178236 _d178236 |
||